Statistics for Five Countries With the Longest Coastline by Continent

Click here to take the quiz!

General Stats

  • This quiz has been taken 324 times
  • The average score is 27 of 30

Answer Stats

Hint Answer % Correct
North America202,080Canada
100%
North America19,924United States
100%
North America9,330Mexico
100%
Oceania25,760Australia
99%
Asia54,720Indonesia
98%
Europe58,133Norway
98%
South America4,989Argentina
97%
South America6,435Chile
97%
South America7,491Brazil
97%
Oceania15,134New Zealand
97%
Asia14,500China
97%
Europe12,429United Kingdom
97%
Europe7,600Italy
96%
North America3,735Cuba
96%
South America3,208Colombia
95%
Asia29,751Japan
94%
Africa2,798South Africa
94%
South America2,800Venezuela
94%
Europe13,676Greece
92%
Asia7,500India
91%
Asia36,289Philippines
89%
Oceania5,152Papua New Guinea
86%
Africa4,828Madagascar
85%
Africa2,450Egypt
82%
Africa3,333Somalia
82%
Oceania5,313Solomon Islands
79%
Africa2,470Mozambique
77%
North America3,542Bahamas
77%
Oceania6,112Micronesia
75%
Europe7,368Croatia
62%

Score Distribution

Percentile by Number Answered

Percent of People with Each Score

Your Score History

You have not taken this quiz